000 00673nam a2200253Ia 4500
005 20260121155758.0
008 008 260114s9999 xx 000 0 eng d
020 _a9780429455308
037 _aEBOOK
040 _aCRL
040 _beng
040 _cCRL
041 _2eng
041 _aeng
084 _qCRL
100 _a James Law; Cristina McKean; Carol-Anne Murphy; Elin Thordardottir
_91023716
245 0 _aManaging Children with Developmental Language Disorder
260 _bTaylor and Francis
260 _c2019
856 _uhttp://www.taylorfrancis.com/books/9780429455308
942 _cEBOOK
999 _c1590535
_d1590535